Toa la vida - Nicki Nicole - Estadísticas

Estadísticas generales
  • Esta prueba ha sido intentada 7 veces
  • La puntuación promedio es 235 de 441
Estadísticas de respuestas
Respuesta % Correcto
la
100%
La
100%
no
100%
Pa'
100%
100%
que
100%
que,
100%
qué
100%
(qué
100%
Sí,
100%
si
100%
to'a
100%
vida
100%
a
67%
al
67%
como
67%
con
67%
Con
67%
da
67%
de
67%
decía'
67%
decía
67%
día
67%
do'
67%
e'
67%
'e
67%
el
67%
Él
67%
él
67%
en
67%
eras
67%
eres
67%
está'
67%
Esto
67%
estoy
67%
lo
67%
Lo
67%
los
67%
Los
67%
má'
67%
más
67%
me
67%
Me
67%
mese'
67%
67%
mi
67%
mí)
67%
mucha'
67%
muchas
67%
nunca
67%
par
67%
para
67%
Por
67%
por
67%
ser
67%
Siempre
67%
siempre
67%
(Siempre
67%
sin
67%
su
67%
te
67%
Te
67%
ti
67%
todo
67%
todo'
67%
67%
67%
un
67%
Un
67%
vece'
67%
veneno,
67%
afecta
33%
alejo
33%
apuesta'
33%
aquí
33%
Así
33%
así
33%
así?
33%
aunque
33%
baby,
33%
bebí
33%
borracho
33%
boté
33%
botella'
33%
busca'
33%
cama
33%
cambiaría
33%
cambiaría'
33%
camino
33%
chilling,
33%
conmigo
33%
Conmigo
33%
consejo'
33%
consejos)
33%
contigo
33%
defendía
33%
dejaste
33%
depresión
33%
desaparecida
33%
dijeron
33%
dinero,
33%
donde
33%
encanta'o
33%
escribe'
33%
escribo
33%
estabas
33%
estar
33%
estás
33%
estuviera'
33%
extraño,
33%
fallaba
33%
fallaste
33%
fiel
33%
fiesta
33%
fuego
33%
fueron
33%
Fueron
33%
guía
33%
haciendo
33%
han
33%
hubiera
33%
iba'
33%
I'm
33%
insistía'
33%
juraba
33%
juraste
33%
la'o
33%
lejo'
33%
lejo')
33%
llorando
33%
luzca'
33%
mai
33%
mal,
33%
mal
33%
malamente
33%
mandabas
33%
manejo
33%
mensaje'
33%
mil
33%
mundo,
33%
necesitas
33%
necesito
33%
noche',
33%
noche
33%
normal,
33%
Otra
33%
otra
33%
otro
33%
pasa
33%
pasa'o
33%
pendejo,
33%
pendejo
33%
pendejo),
33%
peor
33%
perdí
33%
perdía'
33%
Pero
33%
pero
33%
prometía
33%
prometía'
33%
puse
33%
quema,
33%
reproche
33%
seguir
33%
(seguir
33%
serme
33%
sigo
33%
sigues
33%
sorry
33%
texto
33%
tiempo
33%
veces
33%
vete
33%
(vete
33%
viviendo
33%
vivo
33%
vuelta'
33%
Wow,
33%
Y
33%
y
33%
ya
33%
yo
33%
Yo
33%
ahí
0%
creía
0%
encanta'o-ta'o,
0%
hiciste
0%
llamar
0%
mato
0%
Mire
0%
mire,
0%
perdiendo
0%
¿Por
0%
volver
0%
No se encontraron pruebas coincidentes
Distribución de puntuación
Porcentaje de gente con cada puntuación
Porcentaje por número respondido
Historial de tus puntuaciones
No has intentado esta prueba.